000 01242cam a2200361 i 4500
001 17757098
003 OSt
005 20260316093737.0
008 130530s2013 orua b 000 0 eng
010 _a 2013015293
020 _a9780736953436
_qpbk.
035 _a17757098
040 _aDLC
_beng
_cDLC
_erda
_dDLC
042 _apcc
050 0 0 _aBS600.3
_b.A785 2013
082 0 0 _a220.071
_223
100 1 _aArthur, Kay,
_d1933-
240 1 0 _aHow to study your Bible precept upon precept
245 1 0 _aHow to study your Bible /
_cKay Arthur, David Arthur, Pete De Lacy.
264 1 _aEugene, Oregon :
_bHarvest House Publishers,
_c[2013]
300 _a194 pages :
_billustrations ;
_c22 cm
336 _atext
_btxt
_2rdacontent
337 _aunmediated
_bn
_2rdamedia
338 _avolume
_bnc
_2rdacarrier
504 _aIncludes bibliographical references (pages 193-194).
630 0 0 _aBible
_xStudy and teaching.
700 1 _aArthur, David,
_d1967-
700 1 _aDe Lacy, Pete.
906 _a7
_bcbc
_corignew
_d1
_eecip
_f20
_gy-gencatlg
942 _2lcc
_cBK
999 _c21423
_d21422